000 00387nam a22001697a 4500
003 MPLRDC
005 20220104113811.0
008 210129b ||||| |||| 00| 0 eng d
082 _a857.7 JXT v.1
100 _a姬小苔
245 _a枫若犹红
_c
250 _a初版
260 _a
_b女鞍出版社
_c1989
300 _b
650 _a长篇小说
942 _cBK
_o857.7 JXT v.1
999 _c2459
_d2449